| 000 | 01131nam a2200253Ia 4500 | ||
|---|---|---|---|
| 008 | 231113s2023 sp 000 0 spa d | ||
| 041 | _aspa | ||
| 100 | 1 |
_aLOPEZ MARTINEZ, Vicente _92190 |
|
| 245 | 1 | 0 |
_aSociedad, derechos y extrema derecha _b: la sombra del capitalismo en el siglo XXI _c/ Vicente López |
| 260 |
_a[Madrid] : _bFundación 1º de Mayo : ISTAS, Instituto Sindical de Trabajo, Ambiente y Salud, _c2023 |
||
| 300 |
_a[3] p. ; _c30 cm |
||
| 500 | _aEn: PorExperiencia : Revista de Salud Laboral de ISTAS-CCOO, n. 90 (octubre 2023) | ||
| 500 | _aNúmero monográfico con motivo del Congreso "Sociedad, Derechos y Extrema Derecha", organizado por la Fundación 1º de Mayo, Valencia, 27 y 28 de octubre de 2023. | ||
| 650 | 0 |
_aIDEOLOGIA POLITICA _91711 |
|
| 650 | 0 |
_aDERECHOS HUMANOS _92569 |
|
| 650 | 0 |
_aDERECHOS CIVILES _9215 |
|
| 650 | 0 |
_aPOLITICA _9547 |
|
| 650 | 0 |
_aACTITUD SINDICAL _961 |
|
| 710 |
_aISTAS _cEspaña _916845 |
||
| 710 |
_aFUNDACION 1º DE MAYO _cMadrid _9329 |
||
| 856 |
_zPDF _uhttps://docpublicos.ccoo.es/cendoc/067167SociedadDerechos.pdf |
||
| 907 | _aPolítica | ||
| 942 |
_cDOCU_ELEC _2ddc |
||
| 999 |
_c58522 _d58522 |
||